00652nam a22001817a 4500003000500000038001800005082000800023100003100031245012500062264003400187300002500221650003300246700004800279856005800327942001200385999001900397952005400416NUST aNusrat Nadeem a200 aAbbasi, Amna Didar9120616 aDevelopment of Liquid Crystals Based Biosensor for the Detection of HIV-1 Surface Glycoprotein-120/cAmna Didar Abbasi,  aIslamabad,bSCME NUST,c2023. aill;b160,p:c30,cm. aMaterials Engineering928598 aSupervisor: Prof. Dr. Zakir Hussain9120617 u http://10.250.8.41:8080/xmlui/handle/123456789/38152 2ddccSC c607805d607805 00104070aCLbCLd2024-02-16o200pCLPT-525ySC